Statistics for Before and After - Places

Click here to take the quiz!

General Stats

  • This quiz has been taken 29 times
  • The average score is 6 of 13

Answer Stats

HintAnswer% Correct
Where the Pope lives, with a nickname for Los Angeles.Vatican City of Angels
81%
Hottest place in the USA, with the burial site of many pharaohs.Death Valley of the Kings
74%
Capital of Haiti, with the smallest Province in Canada.Port-au-Prince Edward Island
70%
Large Canadian body of water, with the location of a failed CIA-backed invasion of Cuba.Hudson Bay of Pigs
63%
Haiti's neighbor, with the official name of Seoul's country.Dominican Republic of Korea
59%
Body of water SW of Iran, with body of water East of Texas.Persian Gulf of Mexico
56%
Water-filled caldera in Oregon, with California ski resort.Crater Lake Tahoe
48%
Large London green space, with a wide street in NYC.Hyde Park Avenue
37%
Architectural marvel over the East River, with a famous landmark in Venice.Brooklyn Bridge of Sighs
33%
Dover's famous terrain feature, with an Irish tourist attraction in County Clare.White Cliffs of Moher
22%
Notable water feature along Brazil/Argentina border, with small city in Virginia.Iguazu Falls Church
11%
Capital of Arkansas, with one of the "Quad Cities".Little Rock Island
11%
Cave complex of Eastern Afghanistan, with a group of islands in French Polynesia.Tora Bora Bora
7%

Score Distribution

Percentile by Number Answered

Percent of People with Each Score

Your Score History

You have not taken this quiz